000 00712nam a2200169 a 4500
008 121022s1998 ||||||||||||||||| || u
050 _aPAPERS/STAFF/SIZIYA
100 _aSiziya, Seter
245 1 0 _aHealth status of the children in a high density town near Harare, Zimbabwe
_cby Seter Siziya and Tee Wats
260 _aLusaka:
_bUniversity of Zambia, School of Medicine
_c1998
300 _ap.251 - p.258: ill.
490 _aCentral African Journal of Medicine
490 _vVol. 44, No. 1
500 _aBibliography
650 _aCHILDRENS HEALTH--ZIMBABWE
995 _aSPECIAL COLLECTIONS
_e263
_FCBU-SCHOOL OF MEDICINE LIBRARY (Ndola)
_jPAPERS/STAFF/SIZIYA
_UAVAILABLE
_WNov 16, 2012
_yB263
_ZZambiana Collection
999 _c31667
_d31667